000
00321nam a22001217a 4500
008
180601b xxu||||| |||| 00| 0 eng d
041
_a
eng
080
_a
043.3
100
_a
0
101
_a
SHKI-MTH
245
_a
Implementimi i protokolleve repudante në shtresë e tretë të modelit OSI
_c
Maxhuni,Sh
942
_2
udc
_c
BK
999
_c
46246
_d
46246